| 000 | 01634nam a22002057a 4500 | ||
|---|---|---|---|
| 999 |
_c61595 _d61595 |
||
| 003 | Ge_BSU | ||
| 005 | 20240326163250.0 | ||
| 008 | 240326s1943 ge ||||| |||| 00| 0 geo d | ||
| 041 | _ageo | ||
| 080 | _a903.53(479.22.1) მ-19 | ||
| 100 |
_aმაკალათია, სერგი, ავტორი. _921602 |
||
| 245 |
_aტყვიავის ყორღანული სამარხების არქეოლოგიური გათხრები = Archaeological excavations of barrow funeral grounds in the village of Tkviavi = Археологические раскопки курганных погребении в сел. Тквиави / _c ს. მაკალათია. |
||
| 264 |
_aთბილისი, _c1943. |
||
| 300 |
_a62 გვ. ; _bილ; _c23 სმ. |
||
| 440 |
_aგორის სახ. ისტორიულ-ეთნოგრაფიული მუზეუმის შრომები ; 1 _921603 |
||
| 520 | _aრეზიუმე რუსულ და ინგლისურ ენებზე | ||
| 546 | _aთავფურცელი ქართ. და ინგლისურ ენებზე. დამატებითი თავფურცელი რუსულ ენ. წინასიტყვაობა რედაქტორისაგან - პროფ. ბ.ა. კუფტინი, რუსულ ენაზე. | ||
| 653 | _aარქეოლოგიური გათხრები ტყვიავში. ყორღანული სამარხები. | ||
| 942 |
_2udc _cᲬᲘᲒᲜᲘ |
||